[Event "BLR-ch U20 Girls 2021"]
[Site "Minsk"]
[Date "2021.04.21"]
[Round "6.8"]
[White "Halouchyts, Karalina"]
[Black "Astapchyk, Darya"]
[Result "1-0"]
[WhiteElo "1765"]
[BlackElo "1586"]
[Annotator "NA"]
[PlyCount "91"]
[EventDate "2021.04.20"]
[EventType "tourn"]
[EventCountry "BLR"]
[SourceTitle "playchess.com"]
[Source "ChessBase"]
[SourceQuality "1"]
[TimeControl "40/5400+30:1800+30"]

1. e4 {[%emt 0:02:52]} d5 {[%emt 0:00:00]} 2. exd5 {[%emt 0:00:15]} Qxd5 {[%emt 0:00:00]} 3. Nc3 {[%emt 0:00:07]} Qd6 {[%emt 0:00:00]} 4. d4 {[%emt 0:00:04]} Nf6 {[%emt 0:00:15]} 5. Nf3 {[%emt 0:00:15]} c6 {[%emt 0:00:08]} 6. g3 {[%emt 0:00:19]} Bg4 {[%emt 0:00:32]} 7. Bg2 {[%emt 0:00:23]} Nbd7 {[%emt 0:05:59]} 8. O-O {[%emt 0:01:07]} h6 {[%emt 0:01:28]} 9. Bf4 {[%emt 0:03:11]} Qb4 {[%emt 0:00:20]} 10. d5 {[%emt 0:08:05]} cxd5 {[%emt 0:15:19]} 11. Nxd5 {[%emt 0:00:33]} Nxd5 {[%emt 0:00:13]} 12. Qxd5 {[%emt 0:00:09]} e6 {[%emt 0:07:44]} 13. Qd3 {[%emt 0:10:07]} Bc5 {[%emt 0:11:35]} 14. Ne5 {[%emt 0:38:00]} Nxe5 {[%emt 0:01:19]} 15. Bxe5 {[%emt 0:05:39]} O-O {[%emt 0:08:07]} 16. a3 {[%emt 0:01:06]} Qb6 {[%emt 0:04:14]} 17. b4 {[%emt 0:00:41]} Be7 {[%emt 0:08:51]} 18. Qe4 {[%emt 0:04:00]} Bf5 {[%emt 0:03:18]} 19. Qxb7 {[%emt 0:01:01]} Qxb7 {[%emt 0:00:43]} 20. Bxb7 {[%emt 0:00:08]} Rad8 {[%emt 0:00:10]} 21. c4 {[%emt 0:02:17]} f6 {[%emt 0:04:04]} 22. Bf4 {[%emt 0:01:29]} g5 {[%emt 0:01:21]} 23. Be3 {[%emt 0:00:09]} Rd7 {[%emt 0:01:18]} 24. Bc6 {[%emt 0:03:29]} Rc7 {[%emt 0:00:34]} 25. b5 {[%emt 0:00:44]} Bd3 {[%emt 0:01:13]} 26. Rfc1 {[%emt 0:00:12]} f5 {[%emt 0:10:44]} 27. Bd4 {[%emt 0:01:01]} Bf6 {[%emt 0:01:25]} 28. Bxf6 {[%emt 0:00:40]} Rxf6 {[%emt 0:00:04]} 29. Rc3 {[%emt 0:01:18]} Be2 {[%emt 0:00:48]} 30. Re1 {[%emt 0:02:01]} Bg4 {[%emt 0:00:48]} 31. c5 {[%emt 0:08:06]} f4 {[%emt 0:01:58]} 32. f3 {[%emt 0:02:54]} Bh3 {[%emt 0:02:48]} 33. Be4 {[%emt 0:02:20]} g4 {[%emt 0:01:44]} 34. Rec1 {[%emt 0:00:58]} e5 {[%emt 0:01:18]} 35. a4 {[%emt 0:00:43]} gxf3 {[%emt 0:00:58]} 36. Bxf3 {[%emt 0:00:44]} Bd7 {[%emt 0:01:43]} 37. c6 {[%emt 0:00:31]} Bf5 {[%emt 0:01:09]} 38. Bd5+ {[%emt 0:00:19]} Kf8 {[%emt 0:00:19]} 39. a5 {[%emt 0:00:29]} Rd6 {[%emt 0:01:34]} 40. Rc5 {[%emt 0:00:00]} Rd8 {[%emt 0:00:00]} 41. b6 {[%emt 0:01:49]} axb6 {[%emt 0:02:57]} 42. axb6 {[%emt 0:00:04]} Rg7 {[%emt 0:00:43]} 43. c7 {[%emt 0:04:32]} Re8 {[%emt 0:00:45]} 44. b7 {[%emt 0:01:03]} fxg3 {[%emt 0:00:09]} 45. c8=Q {[%emt 0:00:50]} gxh2+ {[%emt 0:00:40]} 46. Kxh2 {[%emt 0:00:09]} 1-0

[Event "BLR-ch U20 Girls 2021"]
[Site "Minsk"]
[Date "2021.04.22"]
[Round "7.1"]
[White "Astapchyk, Darya"]
[Black "Tarasenka, Aliaksandra"]
[Result "0-1"]
[WhiteElo "1586"]
[BlackElo "1966"]
[Annotator "TA"]
[PlyCount "72"]
[EventDate "2021.04.20"]
[EventType "tourn"]
[EventCountry "BLR"]
[SourceTitle "playchess.com"]
[Source "ChessBase"]
[SourceQuality "1"]

{[%evp 9,71,-30,-10,-25,-7,-16,5,0,18,-21,-16,-25,48,-34,-27,-21,-30,-36,10,-14,-9,-17,-18,-42,-23,-39,0,-38,-18,-73,-60,-84,-84,-121,-125,-140,-126,-135,-145,-134,-126,-132,-117,-133,-122,-266,-224,-266,-265,-256,-121,-466,-468,-221,-95,-1505,-1462,-1327,-1326,-29997,-29998,-29998,-29999,-29999]} 1. c4 e5 2. Nc3 Nf6 3. e4 Bc5 4. g3 d6 5. h3 Be6 6. d3 {A22: English Opening: 1...e5 2 Nc3 Nf6.} c6 7. Nf3 h6 8. Bg2 {[#] The position is equal.} Qd7 $146 ({Predecessor:} 8... O-O 9. O-O Nbd7 10. Kh2 d5 11. b3 Qc7 12. cxd5 cxd5 13. Bb2 Rac8 14. Rc1 a6 15. exd5 Nxd5 {1-0 (22) Ilic,S (2073)-Stankovic,D (1498) Nis 2014}) 9. Qe2 a5 10. Be3 $1 {[%cal Re3c5]} Na6 (10... Bxe3 $1 $11 11. Qxe3 (11. fxe3 O-O $11) 11... O-O) 11. h4 ({White should play} 11. d4 $14 exd4 12. Nxd4) 11... Ng4 $15 12. Bxc5 dxc5 13. a3 O-O-O 14. Rd1 b6 15. Rd2 Kb7 16. Kd1 Rhe8 17. Kc2 f5 18. b3 Qf7 (18... g6 {is interesting.} 19. Kb2 Nc7 20. Re1 Qf7 21. exf5 Bxf5 22. Ne4 Ne6) 19. Nh2 (19. Bh3 $11 {keeps the balance.}) 19... Nxh2 $17 20. Rxh2 f4 21. Bh3 Nc7 22. Qf3 Bxh3 23. Rxh3 Ne6 {[#] ...Nd4+ is the strong threat.} 24. Ne2 a4 25. Rh1 axb3+ 26. Kxb3 b5 27. Kc3 (27. Rc1 $17) 27... Qc7 {Hoping for ...Qa5+.} 28. Rb2 Qa5+ 29. Kb3 {[%cal Rg3f4]} Ra8 (29... g5 $19 {is more deadly.} 30. gxf4 exf4) 30. Ra1 $2 {[%mdl 8192]} (30. Kc2 $17) 30... Nd4+ $19 31. Nxd4 cxd4 (31... exd4 $19 {and Black stays clearly on top.} 32. Rc2 fxg3) 32. Kc2 {[%mdl 8192]} (32. Rc2 $17) 32... Qc3+ {[%mdl 64] Double Attack} 33. Kb1 Qe1+ 34. Ka2 {[#]} Rxa3+ $1 {[%mdl 576] Clearance. Black mates.} 35. Kxa3 Ra8+ 36. Kb3 Qc3# {Weighted Error Value: White=0.84/Black=0.22} 0-1

[Event "BLR-ch U20 Girls 2021"]
[Site "Minsk"]
[Date "2021.04.22"]
[Round "7.2"]
[White "Khomich, Maryna"]
[Black "Halouchyts, Karalina"]
[Result "0-1"]
[WhiteElo "1409"]
[BlackElo "1765"]
[Annotator "NA RC"]
[PlyCount "76"]
[EventDate "2021.04.20"]
[EventType "tourn"]
[EventCountry "BLR"]
[SourceTitle "playchess.com"]
[Source "ChessBase"]
[SourceQuality "1"]
[TimeControl "40/5400+30:1800+30"]

1. c4 {[%emt 0:00:00]} Nf6 {[%emt 0:02:16]} 2. Nf3 {[%emt 0:00:00]} g6 {[%emt 0:00:09]} 3. g3 {[%emt 0:00:00]} Bg7 {[%emt 0:00:04]} 4. Bg2 {[%emt 0:00:00]} O-O {[%emt 0:00:11]} 5. O-O {[%emt 0:00:00]} d6 {[%emt 0:00:11]} 6. Nc3 {[%emt 0:00:07]} e5 {[%emt 0:00:12]} 7. d3 {[%emt 0:00:08]} Nc6 {[%emt 0:00:16]} 8. Rb1 {[%emt 0:00:12]} a5 {[%emt 0:00:07]} 9. a3 {[%emt 0:00:09]} Re8 {[%emt 0:00:05]} 10. Ng5 {[%emt 0:00:47]} h6 {[%emt 0:05:16]} 11. Nge4 {[%emt 0:00:07]} Nxe4 {[%emt 0:01:04]} 12. dxe4 {[%emt 0:00:14]} Be6 {[%emt 0:00:56]} 13. Nd5 {[%emt 0:00:17]} a4 {[%emt 0:00:44]} 14. e3 {[%emt 0:08:02]} Na5 {[%emt 0:02:39]} 15. Qxa4 {[%emt 0:07:28]} c6 {[%emt 0:00:20]} 16. b4 {[%emt 0:00:49]} Nxc4 {[%emt 0:05:15]} 17. Qc2 {[%emt 0:00:24]} cxd5 {[%emt 0:00:11]} 18. exd5 {[%emt 0:00:12]} Bf5 {[%emt 0:00:19]} 19. e4 {[%emt 0:04:44]} Rc8 {[%emt 0:00:22]} 20. exf5 {[%emt 0:00:13]} Nxa3 {[%emt 0:00:38]} 21. Qb3 {[%emt 0:01:30]} Nxb1 {[%emt 0:00:10]} 22. Qxb1 {[%emt 0:00:07]} gxf5 {[%emt 0:06:16]} 23. Bh3 {[%emt 0:00:38]} Rc4 {[%emt 0:01:20]} 24. Bxf5 {[%emt 0:00:58]} e4 {[%emt 0:04:40]} 25. Bf4 {[%emt 0:06:26]} Qb6 {[%emt 0:03:58]} 26. b5 {[%emt 0:04:36]} Qc5 {[%emt 0:00:30]} 27. Qd1 {[%emt 0:17:06]} Qd4 {[%emt 0:22:32]} 28. Qh5 {[%emt 0:16:28]} Qf6 {[%emt 0:00:15]} 29. g4 {[%emt 0:10:18]} Kf8 {[%emt 0:07:56]} 30. Bg3 {[%emt 0:10:28]} Rd4 {[%emt 0:16:44]} 31. Be6 {[%emt 0:04:15]} fxe6 {[%emt 0:01:15]} 32. Bxd6+ {[%emt 0:00:06]} Re7 {[%emt 0:00:07]} 33. Rc1 {[%emt 0:00:17]} Kg8 {[%emt 0:01:15]} 34. Rc8+ {[%emt 0:01:09]} Bf8 {[%emt 0:00:50]} 35. g5 {[%emt 0:06:40]} hxg5 {[%emt 0:03:03]} 36. Rxf8+ {[%emt 0:02:17]} Kxf8 {[%emt 0:02:57]} 37. Bxe7+ {[%emt 0:00:27]} Kxe7 {[%emt 0:00:12]} 38. Qh7+ {[%emt 0:00:22]} Kd6 {[%emt 0:00:51]} 0-1

[Event "BLR-ch U20 Girls 2021"]
[Site "Minsk"]
[Date "2021.04.22"]
[Round "7.3"]
[White "Zeliantsova, Kseniya"]
[Black "Liashkevich, Lizaveta"]
[Result "1-0"]
[WhiteElo "2017"]
[BlackElo "1401"]
[Annotator "TA"]
[PlyCount "99"]
[EventDate "2021.04.20"]
[EventType "tourn"]
[EventCountry "BLR"]
[SourceTitle "playchess.com"]
[Source "ChessBase"]
[SourceQuality "1"]

{[%evp 9,99,14,30,34,41,22,28,0,40,21,22,29,27,13,33,27,29,25,34,10,31,16,20,-15,7,8,27,22,42,14,70,66,79,42,58,59,87,91,88,82,104,93,98,44,44,52,59,44,64,0,187,137,171,154,179,81,98,0,0,0,0,0,0,0,0,0,0,0,0,0,198,196,197,199,345,346,341,332,322,308,320,310,435,435,507,491,1131,1072,1174,1073,1042,945]} 1. e4 c5 2. Nf3 e6 3. c4 Nc6 4. Nc3 Nf6 5. Be2 Qb6 6. O-O {A34: Symmetrical English: 2 Nc3, lines with ...d5.} Be7 7. d3 O-O 8. Rb1 {[#] White has an edge.} a5 $146 ({Predecessor:} 8... Rd8 9. Bg5 h6 10. Bh4 d6 11. a3 a5 12. Ne1 Nh7 13. Bg3 Nd4 14. Nc2 Bd7 {0-1 (35) Mazur,S (2370)-Druska,J (2442) Banska Stiavnica 2015}) 9. h3 d6 10. Be3 e5 11. Nh2 Nd4 12. f4 exf4 13. Bxf4 Be6 14. Bg5 Rfe8 15. Qd2 Nd7 16. Bg4 Ne5 17. Be3 Bh4 18. b3 Bg3 19. Bf5 g6 ({Black should try} 19... Qb4 $11 20. Rb2 Nec6) 20. Bxe6 (20. Ng4 {with more complications.} Nxg4 21. Bxg4 Be5 22. Bf4 Qd8 23. Rf2) 20... fxe6 (20... Rxe6 $2 21. Nd5 $18) 21. Bh6 (21. Bxd4 $5 cxd4 22. Nb5 $14) 21... Bxh2+ 22. Kxh2 Nf7 23. Be3 Rf8 24. Rf2 Qc7 25. Rbf1 Qe7 26. Bxd4 (26. Nb5 $16) 26... cxd4 $14 27. Nb5 e5 28. Rf6 b6 $1 29. Qf2 (29. a3 $14) 29... Rad8 $2 (29... Ng5 $1 $11) 30. Qh4 {Black must now prevent Rxg6+!} Rd7 31. Qg4 {Strongly threatening Rxg6+!} Kg7 32. Re6 (32. Kg1 $18 {has better winning chances.}) 32... Qd8 $16 {[#]} 33. Qf3 (33. Rff6 $1 $16 {[%cal Rf6g6]} Rh8 34. g3) 33... Ng5 $11 {[%mdl 64] Double Attack} 34. Qxf8+ Qxf8 35. Rxf8 Nxe6 {[%mdl 4096] Endgame KRN-KRN} 36. Rb8 Nc5 37. Rxb6 Nxd3 38. Rxd6 Rxd6 39. Nxd6 {KN-KN} Nf4 $2 (39... Kf6 $11 {and Black is okay.}) 40. c5 $18 {Hoping for c6.} d3 {( -> ...d2)} 41. Nc4 {[%csl LRa5,LRe5][%mdl 64] [#] Double Attack} Ne6 (41... Kf6 {was necessary.} 42. Kg3 h5) 42. c6 Kf8 43. Kg3 ({Don't go for} 43. Nxe5 $2 d2 $19) 43... Ke7 44. Kf2 ({Avoid the trap} 44. Nxe5 $2 d2 $19) 44... Nf4 45. h4 ({Weaker is} 45. Nxe5 d2 $17) 45... Kd8 (45... d2 $142 46. Nxd2 Kd6 47. Nc4+ Kxc6 48. Nxe5+ Kb5) 46. g3 {White is clearly winning.} Ne2 47. Ke3 Nc1 (47... Nxg3 $142 48. Kxd3 h6 49. Nxa5 Nh5) 48. Nxa5 Kc7 49. a3 Ne2 50. Kxd3 {Weighted Error Value: White=0.14/Black=0.35} 1-0

[Event "BLR-ch U20 Girls 2021"]
[Site "Minsk"]
[Date "2021.04.22"]
[Round "7.4"]
[White "Norman, Kseniya"]
[Black "Poliakova, Varvara"]
[Result "1-0"]
[WhiteElo "1915"]
[BlackElo "1918"]
[Annotator "TA"]
[PlyCount "105"]
[EventDate "2021.04.20"]
[EventType "tourn"]
[EventCountry "BLR"]
[SourceTitle "playchess.com"]
[Source "ChessBase"]
[SourceQuality "1"]

{[%evp 10,105,56,45,63,47,47,57,54,46,63,-8,-16,0,0,0,0,-12,0,-12,0,-55,159,153,164,-174,-157,-186,18,47,48,48,33,40,46,32,50,47,71,0,72,16,142,105,106,106,130,129,129,112,112,121,143,143,133,131,213,212,226,231,292,226,227,114,131,110,108,111,230,256,224,189,193,201,187,58,168,0,279,237,1906,1921,1613,908,1088,922,718,705,1676,1665,29983,29979,29973,29974,29984,29985,29988,29989]} 1. e4 d5 2. exd5 Qxd5 3. Nc3 Qd6 4. d4 Nf6 5. Nf3 c6 6. Ne5 Bf5 {B01: Scandinavian Defence.} 7. Bc4 e6 8. g4 Bg6 {White is slightly better.} 9. h4 Nbd7 10. Bf4 (10. Nxd7 $14 Qxd7 11. h5) 10... Nxe5 $11 11. Bxe5 Qb4 {[%mdl 64] Double Attack} 12. Bb3 h5 $36 {[%mdl 2048] Black has the initiative.} 13. g5 {[#]} Ng4 $146 ({Predecessor:} 13... Ne4 14. Rh3 Qa5 15. a3 O-O-O 16. Re3 Rg8 17. Kf1 Nxc3 18. bxc3 Bd6 19. Qe1 Bf5 20. Bxd6 Rxd6 {0-1 (40) Shubin,K (2334)-Jirovsky,M (2448) Skopje 2018}) 14. a3 Qb6 15. Bg3 (15. Qe2 $11) 15... Be7 $2 (15... Rd8 $15 {stays ahead.} 16. Qe2 Rxd4) 16. Qd2 $16 Rd8 17. f3 $4 {[%mdl 8192]} (17. O-O-O $18) 17... Rxd4 $19 18. Qe2 {[#]} Ne3 19. Qxe3 $11 {Bf2 is the strong threat.} Re4 $1 20. Qxe4 Bxe4 21. Bf2 Bc5 22. Nxe4 Bxf2+ 23. Nxf2 O-O 24. Rd1 (24. Kf1 $16) 24... a5 (24... Qe3+ $11 {remains equal.} 25. Kf1 Qxf3) 25. a4 (25. O-O $16) 25... Qb4+ (25... Qe3+ $11 {keeps the balance.} 26. Kf1 Qxf3) 26. Ke2 b5 27. Nd3 Qd4 28. c3 Qb6 29. Rd2 Rd8 30. Rhd1 bxa4 31. Bxa4 Qa6 {intending ...Qc4.} 32. b3 c5 (32... g6 $16 33. c4 Qa7) 33. c4 $1 $18 Qd6 34. f4 $1 Qb8 35. Ne5 Rxd2+ 36. Rxd2 (36. Kxd2 $18 f6 37. Nd3) 36... f6 $16 37. gxf6 gxf6 38. Nd3 Qb7 (38... Qd6 $16 {might work better.} 39. Rd1 Qd4) 39. Nxc5 $18 {[%mdl 64] Double Attack} Qg2+ 40. Kd3 Qf3+ 41. Kc2 Qxf4 {[#]} 42. Bd7 (42. Nd3 $1 $18 {[%cal Rd3f4]} Qxh4 43. c5) 42... e5 {[#]} ({Black should play} 42... Qe3 $1 $14) 43. Ne6 $2 (43. Bc6 $1 $18) 43... Qe4+ $2 {[%mdl 8192]} (43... Qf5+ $1 $11 {and Black stays safe.} 44. Kb2 e4 45. Rg2+ Kh8) 44. Kb2 Qe3 $2 (44... Kf7 45. c5 Qb4) 45. Rg2+ Kh8 46. c5 Qd3 47. c6 a4 48. bxa4 {Black must now prevent Rc2.} Qe4 {[#]} 49. c7 $1 {[%mdl 512]} Qb4+ (49... Qxg2+ 50. Kc3) 50. Kc2 {White mates.} Qc4+ 51. Kd2 Qb4+ 52. Ke3 Qe1+ 53. Re2 {Weighted Error Value: White=0.38/Black=0.58} 1-0